Top 10 stati più obesi degli Stati Uniti - Statistics

Statistiche generali
  • Questo quiz è stato fatto 328 volte
  • Il punteggio medio è 5 su 11
Statistiche sulle risposte
% Stati % Corretto
33.7 Texas
91%
35.7 Alabama
58%
37.3 Mississippi
56%
35.7 Arkansas
48%
32.5 Michigan
46%
34.8 Tennessee
45%
35.5 Louisiana
44%
34.2 Kentucky
38%
32.8 Oklahoma
38%
32.5 Indiana
37%
37.7 Virginia Occidentale
7%
Nessun quiz corrispondente trovato
Distribuzione punteggi
Percentuale di utenti per punteggio
Percentile per numero di risposta
I tuoi punteggi nel tempo
Non hai fatto questo quiz